| 000 | 00439nam a2200145 i 4500 | ||
|---|---|---|---|
| 001 | 79977 | ||
| 003 | ES-MaACL | ||
| 007 | t| | ||
| 008 | 041025s1981 sp ||||1| spa d | ||
| 100 | 1 |
_aHillers de Luque, Sigfredo. _963725 |
|
| 245 | 1 | 3 |
_aLa obra social de España en América / _cSigfredo Hillers de Luque. |
| 260 |
_aMadrid : _bFondo de Estudios Sociales, _c[1981] |
||
| 300 |
_a60 p. ; _c21 cm. |
||
| 852 |
_aES-MaACL _jL-4307 _bR.105106 |
||
| 999 |
_c79977 _d79977 |
||